[Event "Candidates Tournament"]
[Site "Ekaterinburg"]
[Date "2020.03.17"]
[Round "1"]
[White "Ding, Liren"]
[Black "Wang, Hao"]
[Result "0-1"]
[WhiteElo "2805"]
[BlackElo "2762"]
[Annotator "Edouard,R"]
[PlyCount "90"]
[EventDate "2020.03.15"]
[EventType "tourn"]
[EventRounds "14"]
[EventCountry "RUS"]
[EventCategory "21"]
[SourceTitle "CBM 195"]
[Source "ChessBase"]
[SourceDate "2020.04.30"]
[SourceVersion "1"]
[SourceVersionDate "2020.04.30"]
[SourceQuality "1"]

1. c4 e5 2. g3 Nf6 3. Bg2 Bc5 {The latest fashion against the English Opening,
when here 4.Nc3 is supposed to be critical.} 4. d3 $5 (4. Nc3 c6 5. Nf3 $5 {
Ding had two games against other moves and equalized comfortably.} (5. e4 O-O
6. Nge2 d5 7. cxd5 cxd5 8. exd5 Na6 9. a3 Nc7 10. O-O Ncxd5 11. Nxd5 Nxd5 12.
d4 exd4 13. Nxd4 Bb6 $11 14. Qb3 $6 Nf6 15. Rd1 $4 Bxd4 16. Be3 $6 Qb6 {
0-1 Shankland,S (2705)-Ding Liren (2811) Internet 2019}) (5. e3 O-O 6. Nge2 d5
7. cxd5 Nxd5 8. d4 exd4 9. Nxd5 cxd5 10. exd4 Bb6 $11 {1-0 (50) So,W (2754)
-Ding Liren (2805) Zagreb 2019}) 5... e4 6. Nh4 d5 7. cxd5 (7. d4 $5 {was
played by Nepo, but shouldn't be a big problem, although in that game Anand
completely collapsed as Black:} Be7 8. cxd5 cxd5 9. O-O O-O 10. f3 exf3 (10...
Nc6 $5 $13) 11. Rxf3 Nc6 $6 (11... g6 $5 $13) 12. Nf5 Ne4 $6 13. Rf1 Bf6 14. e3
Nxc3 15. bxc3 Be6 16. Rb1 Qd7 17. e4 $1 $16 Rfe8 $2 18. Nh6+ $1 Kh8 19. Rxf6 $1
gxf6 20. Qf3 Kg7 21. exd5 Bxd5 22. Nf5+ {1-0 Nepomniachtchi,I (2773)-Anand,V 
(2757) Kolkata 2019}) 7... cxd5 8. d3 Ng4 9. O-O g5 {Here White seems to have
two appealing choices.} 10. d4 $5 {This was the beginning of Anton's brillancy
against Grischuk.} (10. dxe4 $5 gxh4 11. Bf4 hxg3 (11... O-O $1 {should be
critical according to the engine.}) 12. Bxg3 Bd6 13. Qd3 Bxg3 14. Qxg3 $16 {
½-½ (35) Caruana,F (2822)-Van Foreest,J (2644) Wijk aan Zee 2020}) 10... Be7
(10... Bb4 $5 {might be critical - although the position is surely full of
line, here the engine suggests, amongst other moves, to go} 11. Nf3 $5 exf3 12.
exf3 {followed with Re1+ or f4, with very interesting compensation.}) 11. h3
Nxf2 $6 12. Rxf2 gxh4 13. Qb3 $1 hxg3 14. Rf4 Nc6 15. Qxd5 f5 16. Bxe4 $1 fxe4
$2 (16... Qxd5 {was required, but after} 17. Bxd5 {White is just better.}) 17.
Qh5+ Kd7 18. Be3 $1 Qg8 19. d5 Nd8 20. Nxe4 Qg6 21. Qe5 Nf7 22. Rxf7 Qxf7 23.
Rc1 Rf8 24. Bg5 {1-0 (24) Anton Guijarro,D (2674)-Grischuk,A (2759) Douglas
2019}) (4. e3 O-O 5. Ne2 d5 6. cxd5 Nxd5 7. O-O {was just fine for Black in
Shankland,S (2705)-Ding Liren (2811) Internet 2019, although here I think
Black should just have played} Nc6 {with a very healthy position.}) 4... O-O ({
Earlier Ding had to face} 4... d5 {and although Black equalized, there were
surely a bunch of options for White to try to get a small advantage:} 5. cxd5
Nxd5 6. Nc3 Nb6 7. Nf3 Nc6 8. O-O O-O 9. a3 (9. b3 $5) 9... a5 10. Na4 (10. Bd2
$5) 10... Nxa4 11. Qxa4 Nd4 12. Nxd4 Bxd4 13. Bd2 c6 14. e3 Bb6 15. Bc3 Re8 $11
{1-0 (42) Ding Liren (2811)-Grischuk,A (2759) Khanty-Mansiysk 2019.}) 5. Nc3 c6
6. Nf3 d6 (6... Re8 {with ideas like ...Bf8 and ...d5 would allow} 7. Nxe5 $5 {
which generally gives good positions to White, e.g.} Bxf2+ 8. Kxf2 Rxe5 9. d4
Re8 10. Rf1 $14) 7. O-O Re8 (7... a5 8. b3 Re8 9. e3 Bf5 10. h3 h6 11. Bb2 Bb6
{was completely fine for Black in Giri,A (2776)-Anand,V (2757) Kolkata 2019,
although Black lost on time in a winning position on move 44.}) 8. Na4 Bb4 9.
a3 Ba5 10. b4 Bc7 11. e4 a5 12. Bb2 Na6 $5 {There was nothing wrong with 12...
h6, 12...Be6 or 12...Bd7 either.} 13. b5 cxb5 14. cxb5 Nc5 15. Nxc5 dxc5 16. a4
Bg4 17. Ra3 Nd7 18. h3 Bh5 {In the next four moves Ding maneuvred very nicely
to get rid of light-coloured bishops. But Black's positions remains very solid.
} 19. Qb1 $5 b6 20. Nd2 Nf8 21. Bf3 Qg5 (21... Bg6 {made sense, but once on g6,
it is unclear whose light-squared bishop is the worst one. Furthermore,
Qd1-Bh5 could happen at some point.}) 22. h4 Qg6 (22... Qxd2 23. Bxh5 Ne6 24.
Bd1 {followed with Bb3 would be a risky bet for Black.}) 23. Qd1 Bxf3 24. Qxf3
h5 25. Qf5 Rad8 {Wang Hao decides not to change the pawn structure.} (25...
Qxf5 26. exf5 f6 {was the other option: the white knight got a nice square on
e4, but it isn't a better one than c4, and White has only one knight!}) 26.
Qxg6 Nxg6 27. Kg2 f6 28. Nc4 Kf7 29. Bc1 Rd7 30. f4 $2 {A terrible blunder,
completely atypical from Ding.} (30. Be3 $5 {would keep a very light plus,
although it would be difficult to break Black's defence.}) 30... exf4 31. Bxf4
Nxf4+ 32. gxf4 f5 $1 {A very nasty surprise. Suddenly, White has all the
weaknesses, and Black can enjoy an amazing pieces coordination.} 33. e5 Re6 34.
Kf3 Rg6 35. Ne3 Ke6 36. Rd1 Bd8 37. Ra2 Rd4 $6 (37... Bxh4 {should have been
played. After} 38. Rh2 Rg3+ 39. Ke2 g5 40. Nc4 Rd4 41. Nxb6 Rxf4 42. Nc4 {
Black has a few ways to sac an exchange, and White will have to be extremely
precise if he wants to hold.}) 38. Nc2 Rd5 39. Ne3 Rd7 40. Rdd2 $4 {One of the
worst possible moves, when Black has actually given White an opportunity to
escape!} ({After} 40. d4 $1 {it is Black who should be careful:} Rxd4 (40...
cxd4 $2 41. Rc2 $3 $18) 41. Rxd4 cxd4 42. Nc2 Kd5 43. Nxd4 $1 Kxd4 44. Rd2+ {
and the rook endgame is drawn but slightly easier for White.}) 40... Bxh4 41.
Rg2 Rg4 {Surely what White had missed. Again, completely unusual for Ding
Liren!} 42. Rh2 g6 43. Nxg4 fxg4+ 44. Ke3 Be7 45. Rac2 h4 0-1

[Event "Candidates Tournament"]
[Site "Ekaterinburg"]
[Date "2020.03.17"]
[Round "1"]
[White "Giri, Anish"]
[Black "Nepomniachtchi, Ian"]
[Result "0-1"]
[WhiteElo "2763"]
[BlackElo "2774"]
[Annotator "Edouard,R"]
[PlyCount "146"]
[EventDate "2020.03.15"]
[EventType "tourn"]
[EventRounds "14"]
[EventCountry "RUS"]
[EventCategory "21"]
[SourceTitle "CBM 195"]
[Source "ChessBase"]
[SourceDate "2020.04.30"]
[SourceVersion "1"]
[SourceVersionDate "2020.04.30"]
[SourceQuality "1"]

1. Nf3 Nf6 2. c4 c5 3. Nc3 Nc6 4. d4 cxd4 5. Nxd4 e6 6. g3 Qb6 7. Ndb5 Ne5 8.
Bf4 Nfg4 9. e3 a6 10. h3 axb5 11. hxg4 Nxc4 12. Rc1 $5 {Although the next 
(half) move is the real novelty, playing 12.Rc1 Anish brought to life a
completely new idea, playing 12.Rc1.} (12. Qb3 d5 13. Bxc4 dxc4 14. Qxb5+ Qxb5
15. Nxb5 Ra5 {was the mainstream theory, with equality.}) 12... d5 $1 $146 {
If you watch the game with an engine, this move is obvious, as it is
immediately shown. However, it involves a temporary piece sacrifice!} ({After} 
12... Qa5 13. b3 Ba3 14. bxc4 Bxc1 15. Qxc1 bxc4 16. e4 $18 {White quickly
took over in Sedlacek,P (2478)-Suarez Sedeno, M (2426) ICCF email 2004, 1-0 
(33).}) (12... Bb4 13. a3 Bxc3+ $1 (13... Nxa3 $2 14. Qb3 $1 Qc5 15. Be5 $3 Nc4
16. Bxg7 Rg8 17. Bd4 $16) 14. Rxc3 d5 15. Qc2 {looks easier to play for White,
but might be playable for Black.}) (12... Qc6 $2 13. Rh5 $1 {doesn't help
Black.}) ({Finally, of course} 12... Nxb2 $2 {is bad due to} 13. Qb3 $16) 13.
b3 Bb4 $1 {Any knight move would give White huge compensation for the
sacrificed pawn, g4-g5 arriving quite soon.} ({However} 13... e5 {is worth
having a look at:} 14. bxc4 exf4 15. c5 $1 (15. cxd5 $2 Bb4 $1 16. Qd3 Kd8 $1 {
and the c3-knight is in trouble}) 15... Bxc5 16. Bxb5+ Kf8 17. gxf4 d4 18. exd4
Bxd4 {and the position is quite unclear, although Black is on the limit, for
example} 19. O-O (19. a4 $5) 19... Bxc3 20. Rxc3 h5 $1 21. Re1 Bxg4 22. Qa4 Rb8
(22... Rd8 23. Rd3 {helps White}) 23. Rce3 g6 24. Bc4 Kg7 25. Bxf7 Rbd8 $132)
14. bxc4 Ra3 $1 15. Be5 (15. Qd2 $2 Qa5 $17) 15... f6 (15... Qa5 16. Be2 $5 (
16. Ke2 Bxc3 17. cxd5 {would be about equal after} Bd7 {or 17..b4!?}) 16... f6
17. Kf1 $1 bxc4 18. Bd4 Bxc3 19. Rxc3 Rxc3 20. g5 {would be a similar mess to
the game.}) 16. Bd4 Qa5 17. Be2 Bxc3+ 18. Rxc3 (18. Bxc3 $4 Rxc3 $19) 18...
Rxc3 19. Kf1 b4 $5 {Interesting, although other moves weren't too bad either.}
(19... Ra3 $6 20. g5 $1 {would offer White huge compensation.}) (19... bxc4 20.
g5 $1 {with the same ideas to open the black king.}) (19... Rxc4 20. Bxc4 ({or
} 20. g5 $5 {first}) 20... bxc4 21. g5 e5 22. gxf6 exd4 (22... gxf6 $5 23. Qh5+
Ke7 24. Bxe5 Qd2 {also looks like a draw}) 23. fxg7 Rg8 24. Qh5+ Ke7 25. Qg5+ {
with a draw.}) 20. g5 $1 e5 (20... Qxa2 21. gxf6 gxf6 22. Kg2 Qc2 {may also be
playable.}) 21. Bxc3 (21. gxf6 $5 {would likely transpose into the game,
unless Black tries} exd4 {which also looks like a forced draw:} 22. fxg7 Rg8
23. Qxd4 Rc1+ 24. Kg2 Rxh1 25. Qe5+ Kf7 26. Kxh1 Rxg7 27. Bh5+ Rg6 28. Qh8 Bf5
29. Qxh7+ Kf6 30. Qh8+ $11) 21... bxc3 22. gxf6 gxf6 ({Even} 22... O-O $5 {
should be playable.}) 23. Qb1 $5 (23. cxd5 Qxa2 (23... Qc5 $5 24. Bd3 Ke7 $13)
24. Qd3 Bd7 $1 {should be about equal.}) 23... Qc7 $5 {Not the only move.
Clearly, at this stage Nepo has managed to fight Giri's opening preparation
with perfection.} (23... d4 $5 24. exd4 exd4 25. Rh5 (25. Rxh7 $2 Rxh7 26. Qxh7
Bf5 $19) 25... f5 26. g4 Rf8 27. Rxh7 Rf7 $13) (23... dxc4 $5 24. Bxc4 Qc5 25.
Qb3 Bd7 $13) 24. Qd3 $6 (24. Qb5+ Qc6 25. cxd5 Qxb5 26. Bxb5+ Ke7 {and White
should be careful in order to mae a draw.}) (24. Qg6+ $4 {fails:} hxg6 25.
Rxh8+ Ke7 26. Rh7+ Kd6 27. Rxc7 c2 $19) 24... b5 $3 {A very elegant move by
Nepo!} 25. Qxc3 bxc4 26. e4 $1 dxe4 {White is definitely worse now.} 27. Rh4 (
27. Qxc4 Qxc4 28. Bxc4 Bg4 $15) 27... Be6 28. Rxe4 O-O 29. Bxc4 $4 (29. Rh4 $1
Kg7 30. a4 Ra8 31. Qc1 {and White should be able to make a draw.}) 29... Kg7 $1
30. Qb3 $2 {Anish surely assessed that his drawing chances were higher saccing
his queen for rook and bishop, rather than losing a full pawn.} (30. Qb4 Rb8
31. Bb5 Bxa2 $17) 30... Rb8 $1 31. Bxe6 (31. Qa4 Rb1+ 32. Kg2 Bd7 33. Qc2 Qb7
34. Bd3 Rb2 35. Qc3 Bc6 $19) 31... Rxb3 32. Rg4+ Kf8 33. Bxb3 (33. Rg8+ Ke7 34.
Rg7+ Kd6 35. Rxc7 Rb1+ 36. Kg2 Kxc7 $19) 33... Qc1+ 34. Kg2 Qc6+ 35. Kg1 h5 36.
Rg8+ Ke7 37. Rg7+ Kd6 38. Rh7 Qf3 39. Rh8 e4 40. Rd8+ Ke7 41. Bd1 Qc3 $1 (41...
Qf5 42. Rd4 $1 {would make Black's task harder.}) 42. Rd5 h4 43. gxh4 f5 44.
Rxf5 {This looks like the best chance to set a fortress and make a draw. But
Nepo's demonstration is going to be awesome.} Qe1+ 45. Kg2 Qxd1 46. Rg5 Qa1 47.
Rg4 Qb1 48. Rg3 Qxa2 49. Rh3 Qd5 50. Kf1 Qd1+ 51. Kg2 Qg4+ 52. Rg3 Qh5 (52...
Qxh4 $4 53. Kf1 $1 {is indeed a fortress:} Qh5 54. Ke1 Kd6 55. Re3 Kd5 56. Kd2
Kd4 57. Rg3 Qa5+ 58. Ke2 Qa2+ 59. Ke1 Qb1+ 60. Ke2 Qc2+ 61. Ke1 Qc1+ 62. Ke2
$11) 53. Ra3 Qd5 54. Kg1 Kf6 55. Rg3 Qd1+ 56. Kg2 Kf5 57. Rg5+ Kf4 58. Rg3 Qd5
59. Kf1 Qd2 60. Kg2 Qd1 61. Re3 Kf5 62. Rg3 Kf6 63. Rh3 Kg6 64. Rg3+ Kh5 65.
Rh3 Qb1 $1 66. Re3 (66. Rh1 Qb7 67. Re1 Kxh4 $19) 66... Kxh4 {Nepo managed to
win the h4-pawn without allowing the white king to e1/e2.} 67. Rg3 Kh5 68. Rh3+
Kg4 69. Rg3+ Kf4 70. Re3 Qd1 71. Ra3 Ke5 72. Rg3 Kd4 73. Re3 Qd3 $1 {And this
is the difference. Black will soon convert into a winning pawn endgame. A
perfect handling of the game for Nepo, from the opening until the endgame!} (
73... Qd3 74. Rg3 Kc3 $19) 0-1

[Event "Candidates Tournament"]
[Site "Ekaterinburg"]
[Date "2020.03.18"]
[Round "2"]
[White "Caruana, Fabiano"]
[Black "Alekseenko, Kirill"]
[Result "1-0"]
[WhiteElo "2842"]
[BlackElo "2698"]
[Annotator "Krasenkow,M"]
[PlyCount "67"]
[EventDate "2020.03.15"]
[EventType "tourn"]
[EventRounds "14"]
[EventCountry "RUS"]
[EventCategory "21"]
[SourceTitle "CBM 195"]
[Source "ChessBase"]
[SourceDate "2020.04.30"]
[SourceVersion "1"]
[SourceVersionDate "2020.04.30"]
[SourceQuality "1"]

1. d4 Nf6 2. c4 e6 3. Nc3 Bb4 4. f3 d5 5. a3 Be7 6. e4 dxe4 7. fxe4 c5 (7... e5
{is played more often in this system.}) 8. d5 exd5 (8... O-O $5 9. Bd3 (9. Nf3
{looks more to the point}) 9... Bd6 10. Bg5 Nbd7 11. Nf3 exd5 12. Nxd5 h6 13.
Bh4 Qa5+ 14. Qd2 Qxd2+ 15. Kxd2 Ng4 $11 {1/2 (19) So,W (2763)-Karjakin,S (2748)
Riga 2019}) 9. exd5 (9. cxd5 Bd6 {is satisfactory for Black, e.g.} 10. Bb5+
Nbd7 11. Bg5 O-O 12. Nf3 Qc7 13. Bxd7 Nxd7 14. O-O a6 15. a4 b6 16. h3 Re8 $13
{0-1 (51) Tabatabaei,M (2566)-Maghsoodloo,P (2560) Teheran 2017}) 9... O-O 10.
Be2 (10. Bf4 Re8 11. Be2 Bg4 12. Qd2 Nh5 13. Be3 $6 Bd6 $1 14. O-O-O Rxe3 15.
Bxg4 Rxc3+ 16. Qxc3 Qg5+ $19 {0-1 (32) Volkov,S (2645)-Vitiugov,N (2722) St
Petersburg 2017}) (10. Nf3 Bg4 $5 (10... Re8 11. Be2 {- game}) 11. Be2 (11. h3
$5 Bxf3 (11... Bh5 $5) 12. Qxf3 Bd6 13. Be2 Nbd7 14. O-O a6 (14... Be5 $5) 15.
g4 h6 16. h4 Qe7 17. g5 $36 {1/2 (45) Braun,A (2574)-Schramm,C (2368) Germany
2017}) 11... Bd6 (11... Bxf3 $5 12. Bxf3 Bd6 13. O-O Nbd7 14. g3 a6 15. Bg2 Re8
16. Bf4 Qb6 $11 {1/2 (82) Smirnov,A (2416)-Ter Sahakyan,S (2623) St Petersburg
2019}) 12. O-O (12. Nb5 $6 Bxf3 13. Bxf3 Re8+) 12... Nbd7 (12... Bxf3 13. Rxf3
$5 Nbd7 14. Rh3 Re8 15. Bd3 Be5 $132 {1-0 (94) Polak,T (2527)-Menezes,C (2423)
Blansko 2019}) 13. Bg5 (13. Ng5 Bxe2 14. Qxe2 Re8 15. Qc2 h6 16. Nf3 Ne5 17.
Nxe5 Bxe5 {1/2 (17) Volkov,S (2547)-Turov,M (2575) Hell 2019}) (13. h3 Bxf3 14.
Rxf3 Qe7 15. Bg5 Rae8 16. Qd2 Qe5 17. Bf4 Qe7 18. Bg5 Qe5 19. Bf4 {1/2 (19)
Goryachkina,A (2493)-Oparin,G (2607) Moscow 2018}) 13... Re8 14. Qd2 Qb8 15. h3
Bh5 16. Bd3 h6 17. Be3 {0-1 (54) Tsvetkov,A (2350)-Najer,E (2661) Moscow RUS
2019} Bg3 $13) 10... Re8 ({In case of} 10... Bd6 {White gets an additional
opportunity:} 11. Nb5 $5 a6 (11... Re8 12. Nf3 Bg4 13. O-O a6 14. Nxd6 Qxd6 15.
b3 Nbd7 16. Qd2 Re7 17. Bb2 Ne4 18. Qc2 $14 {1/2 (23) Lashkin,J (2368)
-Iordachescu,V (2602) Chisinau MDA 2020}) 12. Nxd6 Qxd6 13. Nf3 Bg4 14. O-O
Nbd7 15. Nh4 (15. b3 $5 {deserves attention here, too}) 15... Bxe2 16. Qxe2
Rae8 17. Qf3 {1-0 (30) Matlakov,M (2710)-Predke,A (2650) Izhevsk 2019} Qe5 $132
) 11. Nf3 Bg4 12. O-O Nbd7 (12... Bd6 13. Nb5 $5 {- see 10...Bd6} (13. h3 Bh5 (
13... Bxf3 $5) 14. Bg5 Nbd7 15. Qc2 a6 16. Bd3 Qc7 17. Nh4 Bg6 18. Nf5 Bxf5 19.
Bxf5 Be5 $11 {1/2 (27) Costachi,M (2484)-Haug,J (2391) Porto Carras 2018})) 13.
d6 {An aggressive continuation, preventing the blockading move ...Be7-d6 once
and for all.} (13. Bg5 h6 14. Bh4 Bd6 15. Qc2 Qb8 16. h3 (16. Kh1 Bh5 17. Nb5
$2 {0-1 (55) Lombaers,P (2383)-Schoppen,C (2489) Leiden NED 2020} Bxh2 $17)
16... Bh5 17. Bd3 {0-1 (45) Ragnarsson,J (1968)-Gower,S (2069) Akureyri 2019}
Bg3 {looks satisfactory for Black}) 13... Bf8 14. h3 Bh5 15. Nb5 Re6 $6 {
Not the most useful move.} ({Chesspro.ru recommends} 15... Qb6 $5 16. Nc7 Bxd6
17. Nxa8 Rxa8 $44) ({or} 15... Rb8 $5 16. Nc7 (16. Nxa7 $6 Bxd6 17. Qxd6 Rxe2)
(16. Bf4 a6 17. Nc7 Re4 {is more favourable for Black than the game.}) 16...
Re4 17. Bd3 Bxd6 18. Bxe4 Qxc7 $44) 16. Bf4 a6 (16... Re4 17. Qd2 Nb6 18. Rad1
$1 Nxc4 19. Bxc4 Rxc4 20. Be5 $36) 17. Nc7 Re4 18. Bh2 (18. Qd2 $142 $5 {
[%cal Ya1d1]}) 18... Rc8 19. g4 {This move, provoking a piece sacrifice, leads
to an absolutely crazy position.} (19. Bd3 Bxf3 20. Qxf3 Ne5 $1) (19. Qc2 Ne5
$1 (19... Bxd6 20. Bxd6 Rxc7 21. Bxc7 Qxc7 22. Bd3 $16) 20. Bxe5 Bxf3 21. Bxf6
Rxe2 22. Qxe2 Bxe2 23. Bxd8 Rxd8 24. Rf4 $1 Bxd6 25. Re4 {was probably the
best way for White to keep winning chances. If} Bxc4 {then} 26. Rd1 $1 Be6 27.
Nxe6 fxe6 28. Rf1 $14) 19... Bxg4 {[%mdl 512]} (19... Nxg4 20. hxg4 Rxg4+ 21.
Kh1 Rg6 22. Rf2 $1 {, and White should successfully consolidate his position,
although the practical result is highly uncertain.}) 20. hxg4 Nxg4 (20... Rxg4+
$5 21. Kh1 Ne4) 21. Bd3 $1 Nxh2 22. Bxe4 Nxf1 23. Qxf1 Bxd6 (23... Nf6 $1 $14 {
[%cal Rf6e4,Yd8d6] was much stronger.} 24. Bxb7 $2 {is bad in that case as
after} Rb8 25. Bd5 Qxd6 {White loses a piece.}) 24. Nd5 g6 25. Qh3 $16 {
[%mdl 128] Black has 3 pawns for a knight but White gets a strong attack on
the kingside.} Kg7 26. Kh1 Ne5 27. Nh4 $1 {White avoids exchanges, of course.}
h5 $2 {A strange move, further weakening Black's position.} (27... Nxc4 28.
Nf5+ $1 Kh8 29. Rf1 $18 {[%cal Rf5h6]}) ({Something like} 27... Rc6 28. Rg1 Bf8
$16 {was relatively better.}) 28. Rg1 $18 {->} Bf8 29. Nf4 (29. Nxg6 $5 fxg6
30. Nf4 Ng4 31. Nxh5+) 29... Ng4 30. Nxh5+ $1 gxh5 31. Bf5 Be7 32. Bxg4 hxg4
33. Qxg4+ Bg5 34. Qh5 1-0